Friends: (Record no. 22373)
| 000 -LEADER | |
|---|---|
| fixed length control field | 00562nam a22001337a 4500 |
| 007 - PHYSICAL DESCRIPTION FIXED FIELD--GENERAL INFORMATION | |
| fixed length control field | vr unnnnuuu |
| 008 - FIXED-LENGTH DATA ELEMENTS--GENERAL INFORMATION | |
| fixed length control field | 260414b xxu||||| |||| 00| 0 eng d |
| 040 ## - CATALOGING SOURCE | |
| Transcribing agency | Cagayan State University |
| 082 ## - DEWEY DECIMAL CLASSIFICATION NUMBER | |
| Classification number | 791.4572 |
| 245 ## - TITLE STATEMENT | |
| Title | Friends: |
| Remainder of title | The reunion |
| Statement of responsibility, etc | directed by Ben Winson; produced by Marta Kauffman, David Crane, Kevin Bright, Ben Winson, Jennifer Aniston; written by David Crane, Marta Kauffman. |
| 260 ## - PUBLICATION, DISTRIBUTION, ETC. (IMPRINT) | |
| Place of publication, distribution, etc | United States: |
| Name of publisher, distributor, etc | Bright/Kauffman/Crane Production; Fulwell 73; HBO Max, |
| Date of publication, distribution, etc | 2021. |
| 300 ## - PHYSICAL DESCRIPTION | |
| Extent | 1 videofile, (ca. 104min) |
| Other physical details | sound, color |
| 942 ## - ADDED ENTRY ELEMENTS (KOHA) | |
| Source of classification or shelving scheme | |
| Item type | Audio-Visual Materials |
No copies available.